Loading...
Vishwamahakavi Rabeendranatha Tagore/
| Hovedforfatter: | |
|---|---|
| Udgivet: |
Prabhatham Book House
2016
|
| LEADER | 00439 a2200109 4500 | ||
|---|---|---|---|
| 020 | |a 9788177055849 | ||
| 100 | |a Jose Chandanappally | ||
| 245 | |a Vishwamahakavi Rabeendranatha Tagore/ | ||
| 260 | |b Prabhatham Book House |c 2016 | ||
| 999 | |c 192543 |d 192543 | ||
| 952 | |0 0 |1 0 |4 0 |7 -1 |9 333544 |a LIB |b LIB |d 2020-01-31 |e 28 |g 77.00 |p 313977 |r 2020-01-31 |v 110.00 |w 2020-01-31 | ||
| 952 | |0 0 |1 0 |4 0 |7 -1 |9 333545 |a LIB |b LIB |d 2020-01-31 |e 28 |g 77.00 |p 313978 |r 2020-01-31 |v 110.00 |w 2020-01-31 | ||